<?xml version="1.0" encoding="UTF-8"?>
<record
    xmlns:xsi="http://www.w3.org/2001/XMLSchema-instance"
    xsi:schemaLocation="http://www.loc.gov/MARC21/slim http://www.loc.gov/standards/marcxml/schema/MARC21slim.xsd"
    xmlns="http://www.loc.gov/MARC21/slim">

  <leader>00320nam a22001457a 4500</leader>
  <controlfield tag="003">OSt</controlfield>
  <controlfield tag="008">210125b           ||||| |||| 00| 0 eng d</controlfield>
  <datafield tag="100" ind1=" " ind2=" ">
    <subfield code="a">TANENBAUM, Andrew</subfield>
  </datafield>
  <datafield tag="245" ind1=" " ind2=" ">
    <subfield code="a">Computer Networks</subfield>
  </datafield>
  <datafield tag="250" ind1=" " ind2=" ">
    <subfield code="a">4th</subfield>
  </datafield>
  <datafield tag="260" ind1=" " ind2=" ">
    <subfield code="a">New Delhi</subfield>
    <subfield code="b">The Book Company</subfield>
  </datafield>
  <datafield tag="300" ind1=" " ind2=" ">
    <subfield code="a">891</subfield>
  </datafield>
  <datafield tag="650" ind1=" " ind2=" ">
    <subfield code="a">MCA</subfield>
  </datafield>
  <datafield tag="942" ind1=" " ind2=" ">
    <subfield code="2">ddc</subfield>
    <subfield code="c">BB</subfield>
  </datafield>
  <datafield tag="999" ind1=" " ind2=" ">
    <subfield code="c">10405</subfield>
    <subfield code="d">10405</subfield>
  </datafield>
  <datafield tag="952" ind1=" " ind2=" ">
    <subfield code="0">0</subfield>
    <subfield code="1">0</subfield>
    <subfield code="2">ddc</subfield>
    <subfield code="4">0</subfield>
    <subfield code="7">0</subfield>
    <subfield code="8">BTECHCSE</subfield>
    <subfield code="a">PIET</subfield>
    <subfield code="b">PIET</subfield>
    <subfield code="d">2010-05-06</subfield>
    <subfield code="e">J B C, New Delhi</subfield>
    <subfield code="g">375.00</subfield>
    <subfield code="k">IS-57</subfield>
    <subfield code="l">0</subfield>
    <subfield code="p">BB5511</subfield>
    <subfield code="r">2019-12-04 00:00:00</subfield>
    <subfield code="w">2010-05-06</subfield>
    <subfield code="y">BB</subfield>
  </datafield>
  <datafield tag="952" ind1=" " ind2=" ">
    <subfield code="0">0</subfield>
    <subfield code="1">0</subfield>
    <subfield code="2">ddc</subfield>
    <subfield code="4">0</subfield>
    <subfield code="7">0</subfield>
    <subfield code="8">BTECHCSE</subfield>
    <subfield code="a">PIET</subfield>
    <subfield code="b">PIET</subfield>
    <subfield code="d">2010-05-06</subfield>
    <subfield code="e">J B C, New Delhi</subfield>
    <subfield code="g">375.00</subfield>
    <subfield code="k">IS-57</subfield>
    <subfield code="l">0</subfield>
    <subfield code="p">BB5512</subfield>
    <subfield code="r">2019-12-04 00:00:00</subfield>
    <subfield code="w">2010-05-06</subfield>
    <subfield code="y">BB</subfield>
  </datafield>
  <datafield tag="952" ind1=" " ind2=" ">
    <subfield code="0">0</subfield>
    <subfield code="1">0</subfield>
    <subfield code="2">ddc</subfield>
    <subfield code="4">0</subfield>
    <subfield code="7">0</subfield>
    <subfield code="8">BTECHCSE</subfield>
    <subfield code="a">PIET</subfield>
    <subfield code="b">PIET</subfield>
    <subfield code="d">2010-05-06</subfield>
    <subfield code="e">J B C, New Delhi</subfield>
    <subfield code="g">375.00</subfield>
    <subfield code="k">IS-57</subfield>
    <subfield code="l">0</subfield>
    <subfield code="p">BB5513</subfield>
    <subfield code="r">2019-12-04 00:00:00</subfield>
    <subfield code="w">2010-05-06</subfield>
    <subfield code="y">BB</subfield>
  </datafield>
  <datafield tag="952" ind1=" " ind2=" ">
    <subfield code="0">0</subfield>
    <subfield code="1">0</subfield>
    <subfield code="2">ddc</subfield>
    <subfield code="4">0</subfield>
    <subfield code="7">0</subfield>
    <subfield code="8">MCA</subfield>
    <subfield code="a">PIET</subfield>
    <subfield code="b">PIET</subfield>
    <subfield code="d">2009-02-06</subfield>
    <subfield code="e">JBC</subfield>
    <subfield code="f">IN Rupees</subfield>
    <subfield code="g">325.00</subfield>
    <subfield code="k">SI-5593</subfield>
    <subfield code="l">1</subfield>
    <subfield code="p">BB4471</subfield>
    <subfield code="q">2021-12-03</subfield>
    <subfield code="r">2021-11-19 00:00:00</subfield>
    <subfield code="s">2021-11-19</subfield>
    <subfield code="w">2009-02-06</subfield>
    <subfield code="y">BB</subfield>
  </datafield>
  <datafield tag="952" ind1=" " ind2=" ">
    <subfield code="0">0</subfield>
    <subfield code="1">0</subfield>
    <subfield code="2">ddc</subfield>
    <subfield code="4">0</subfield>
    <subfield code="7">0</subfield>
    <subfield code="8">MCA</subfield>
    <subfield code="a">PIET</subfield>
    <subfield code="b">PIET</subfield>
    <subfield code="d">2010-12-09</subfield>
    <subfield code="e">The Book Company</subfield>
    <subfield code="f">IN Rupees</subfield>
    <subfield code="g">450.00</subfield>
    <subfield code="k">IN-5482</subfield>
    <subfield code="l">0</subfield>
    <subfield code="p">BB6194</subfield>
    <subfield code="r">2021-01-25 00:00:00</subfield>
    <subfield code="w">2010-12-09</subfield>
    <subfield code="y">BB</subfield>
  </datafield>
  <datafield tag="952" ind1=" " ind2=" ">
    <subfield code="0">0</subfield>
    <subfield code="1">0</subfield>
    <subfield code="2">ddc</subfield>
    <subfield code="4">0</subfield>
    <subfield code="7">0</subfield>
    <subfield code="8">MCA</subfield>
    <subfield code="a">PIET</subfield>
    <subfield code="b">PIET</subfield>
    <subfield code="d">2010-12-09</subfield>
    <subfield code="e">The Book Company</subfield>
    <subfield code="f">IN Rupees</subfield>
    <subfield code="g">450.00</subfield>
    <subfield code="k">IN-5482</subfield>
    <subfield code="l">0</subfield>
    <subfield code="p">BB6196</subfield>
    <subfield code="r">2021-01-25 00:00:00</subfield>
    <subfield code="w">2010-12-09</subfield>
    <subfield code="y">BB</subfield>
  </datafield>
  <datafield tag="952" ind1=" " ind2=" ">
    <subfield code="0">0</subfield>
    <subfield code="1">0</subfield>
    <subfield code="2">ddc</subfield>
    <subfield code="4">0</subfield>
    <subfield code="7">0</subfield>
    <subfield code="8">MCA</subfield>
    <subfield code="a">PIET</subfield>
    <subfield code="b">PIET</subfield>
    <subfield code="d">2010-12-09</subfield>
    <subfield code="e">The Book Company</subfield>
    <subfield code="f">IN Rupees</subfield>
    <subfield code="g">450.00</subfield>
    <subfield code="k">IN-5482</subfield>
    <subfield code="l">0</subfield>
    <subfield code="p">BB6197</subfield>
    <subfield code="r">2021-01-25 00:00:00</subfield>
    <subfield code="w">2010-12-09</subfield>
    <subfield code="y">BB</subfield>
  </datafield>
  <datafield tag="952" ind1=" " ind2=" ">
    <subfield code="0">0</subfield>
    <subfield code="1">0</subfield>
    <subfield code="2">ddc</subfield>
    <subfield code="4">0</subfield>
    <subfield code="7">0</subfield>
    <subfield code="8">MCA</subfield>
    <subfield code="a">PIET</subfield>
    <subfield code="b">PIET</subfield>
    <subfield code="d">2010-12-09</subfield>
    <subfield code="e">The Book Company</subfield>
    <subfield code="f">IN Rupees</subfield>
    <subfield code="g">450.00</subfield>
    <subfield code="k">IN-5482</subfield>
    <subfield code="l">0</subfield>
    <subfield code="p">BB6198</subfield>
    <subfield code="r">2021-01-25 00:00:00</subfield>
    <subfield code="w">2010-12-09</subfield>
    <subfield code="y">BB</subfield>
  </datafield>
  <datafield tag="952" ind1=" " ind2=" ">
    <subfield code="0">0</subfield>
    <subfield code="1">0</subfield>
    <subfield code="2">ddc</subfield>
    <subfield code="4">0</subfield>
    <subfield code="7">0</subfield>
    <subfield code="8">MCA</subfield>
    <subfield code="a">PIET</subfield>
    <subfield code="b">PIET</subfield>
    <subfield code="d">2010-12-09</subfield>
    <subfield code="e">The Book Company</subfield>
    <subfield code="f">IN Rupees</subfield>
    <subfield code="g">450.00</subfield>
    <subfield code="k">IN-5482</subfield>
    <subfield code="l">0</subfield>
    <subfield code="p">BB6199</subfield>
    <subfield code="r">2021-01-25 00:00:00</subfield>
    <subfield code="w">2010-12-09</subfield>
    <subfield code="y">BB</subfield>
  </datafield>
</record>
